Normal view
MARC view
- Ali Abdullah (00000171750)
Entry Personal Name
001 - CONTROL NUMBER
- control field: 116433
003 - CONTROL NUMBER IDENTIFIER
- control field: NUST
005 - DATE AND TIME OF LATEST TRANSACTION
- control field: 20230912165945.0
008 - FIXED-LENGTH DATA ELEMENTS
- fixed length control field: 230912|| aca||aabn | a|a d
040 ## - CATALOGING SOURCE
- Original cataloging agency: NUST
- Transcribing agency: NUST
100 ## - HEADING--PERSONAL NAME
- Personal name: Ali Abdullah (00000171750)
670 ## - SOURCE DATA FOUND
- Source citation: Work cat.: (NUST): Ali Abdullah (00000171750), An Advance Rotor Design for 1kW H-Darrieus type Vertical Axis Wind Turbine /, 2019
